000 00327nam a2200109Ia 4500
008 180219s9999 xx 000 0 und d
020 _a26129507
100 _aSperber, Manes
245 _aMasks of loneliness :
_bAlfred adler in perspective
260 _aNew york City :
_bMacmillan publishing Co.
_c1974
300 _aix, 245 pages
999 _c355948
_d355948